Schaum`s College Chemistry (Record no. 3843)

MARC details
000 -LEADER
fixed length control field 00447nam a2200181Ia 4500
008 - FIXED-LENGTH DATA ELEMENTS--GENERAL INFORMATION
fixed length control field 221030s9999 xx 000 0 und d
020 ## - INTERNATIONAL STANDARD BOOK NUMBER
ISBN 0070588821
041 ## - LANGUAGE CODE
Language code of text/sound track or separate title
082 ## - DEWEY DECIMAL CLASSIFICATION NUMBER
Classification number 105.23
Item number Ros
100 ## - MAIN ENTRY--AUTHOR NAME
Personal name J. L. Rosenberg
245 #0 - TITLE STATEMENT
Title Schaum`s College Chemistry
Statement of responsibility, etc by J. L. Rosenberg, L. M. Epstein
250 ## - EDITION STATEMENT
Edition statement 8th
260 ## - PUBLICATION, DISTRIBUTION, ETC. (IMPRINT)
Name of publisher TMH
Place of publication New Delhi
Year of publication 2005
300 ## - PHYSICAL DESCRIPTION
Number of Pages 386
650 ## - SUBJECT ADDED ENTRY--TOPICAL TERM
Topical Term Chemistry
700 ## - ADDED ENTRY--PERSONAL NAME
Personal name L. M. Epstein
942 ## - ADDED ENTRY ELEMENTS (KOHA)
Koha item type Books
Holdings
Accession Number Cost, normal purchase price Full call number Price effective from Koha item type Withdrawn / writtenoff status Materials specified (bound volume or other part) Damaged status Not for loan Permanent Location Current Location Shelving location Date acquired Lost/ Missing status department
BE 8091 299.00 105.23 Ros 10/30/2022 Books   Print   Not For Loan MIET Library, Jammu MIET Library, Jammu BL-Second, FL-1, CUP-59, SH-6, R-6 10/11/2006   BE
BE 8092 299.00 105.23 Ros 10/30/2022 Books   Print     MIET Library, Jammu MIET Library, Jammu BL-Academic Block C, FL-2, CUP-19, SH-2, R-2 10/11/2006   BE
BE 8093 299.00 105.23 Ros 10/30/2022 Books   Print     MIET Library, Jammu MIET Library, Jammu BL-Academic Block C, FL-2, CUP-19, SH-3, R-3 10/11/2006   BE
BE 8094 299.00 105.23 Ros 10/30/2022 Books   Print     MIET Library, Jammu MIET Library, Jammu BL-Academic Block C, FL-2, CUP-19, SH-3, R-3 10/11/2006   BE
BE 8095 299.00 105.23 Ros 10/30/2022 Books   Print     MIET Library, Jammu MIET Library, Jammu BL-Academic Block C, FL-2, CUP-19, SH-2, R-2 10/11/2006   BE